[Event "Nordhausen op 11th"]
[Site "Nordhausen"]
[Date "2011.08.05"]
[Round "3.1"]
[White "Slobodjan, Roman"]
[Black "Krannich, Thomas"]
[Result "1-0"]
[WhiteElo "2534"]
[BlackElo "2104"]
[PlyCount "55"]
[EventDate "2011.08.04"]
[EventType "swiss"]
[EventRounds "7"]
[EventCountry "GER"]
[SourceTitle "EXT 2019"]
[Source "ChessBase"]
[SourceDate "2018.10.10"]
[SourceVersion "1"]
[SourceVersionDate "2018.10.10"]
[SourceQuality "1"]

1. e4 c5 2. Nc3 e6 3. Nf3 Nc6 4. d4 cxd4 5. Nxd4 a6 6. Nxc6 bxc6 7. Bd3 d6 8. 0-0 Nf6 9. f4 e5 10. Kh1 Be7 11. Qf3 0-0 12. Bd2 Rb8 13. b3 Nd7 14. Rad1 Bf6 15. f5 Nb6 16. Ne2 Nd7 17. c4 Nc5 18. Bc2 a5 19. Ng3 Na6 20. Nh5 Nb4 21. Bb1 c5 22. Qg4 Kh8 23. Rf3 Rg8 24. Rh3 g5 25. Nxf6 Qxf6 26. Rh5 h6 27. h4 gxh4 28. Qe2 1-0

[Event "Nordhausen op 11th"]
[Site "Nordhausen"]
[Date "2011.08.04"]
[Round "1.12"]
[White "Wetterling, Manfred"]
[Black "Krannich, Thomas"]
[Result "0-1"]
[WhiteElo "1622"]
[BlackElo "2104"]
[PlyCount "65"]
[EventDate "2011.08.04"]
[EventType "swiss"]
[EventRounds "7"]
[EventCountry "GER"]
[SourceTitle "EXT 2019"]
[Source "ChessBase"]
[SourceDate "2018.10.10"]
[SourceVersion "1"]
[SourceVersionDate "2018.10.10"]
[SourceQuality "1"]

1. e4 c5 2. Nf3 e6 3. d4 cxd4 4. Nxd4 Nc6 5. Nc3 a6 6. Be3 Qc7 7. Bd3 Nf6 8. 0-0 b5 9. a4 b4 10. Na2 Bb7 11. c3 bxc3 12. Nxc3 Nb4 13. Rc1 Nxd3 14. Qxd3 Qb8 15. h3 Bb4 16. Nde2 0-0 17. Bf4 Qd8 18. Bg5 Be7 19. e5 Nd5 20. Bxe7 Qxe7 21. Ne4 f6 22. exf6 Nxf6 23. Qd6 Qe8 24. Nc5 Bc6 25. Nxe6 Rf7 26. N6d4 Ne4 27. Qa3 Rc8 28. Nxc6 dxc6 29. Nc3 Nf6 30. Rfe1 Qd8 31. Rcd1 Nd5 32. Qb3 Qf6 33. Re2 0-1

[Event "Nordhausen op 9th"]
[Site "Nordhausen"]
[Date "2009.07.31"]
[Round "4"]
[White "Krannich, Thomas"]
[Black "Turova, Irina"]
[Result "0-1"]
[WhiteElo "1951"]
[BlackElo "2387"]
[PlyCount "48"]
[EventDate "2009.07.30"]
[EventType "swiss"]
[EventRounds "7"]
[EventCountry "GER"]
[SourceTitle "CBM 131 Extra"]
[Source "ChessBase"]
[SourceDate "2009.09.03"]
[SourceVersion "2"]
[SourceVersionDate "2009.09.16"]
[SourceQuality "1"]

1. d4 Nf6 2. Nf3 e6 3. c4 Bb4+ 4. Bd2 c5 5. g3 Qb6 6. Bg2 cxd4 7. 0-0 Bxd2 8. Nbxd2 Nc6 9. c5 Qxc5 10. Nb3 Qb6 11. Nfxd4 0-0 12. e4 d5 13. Nxc6 bxc6 14. e5 Nd7 15. Re1 c5 16. Qd2 a5 17. Nc1 a4 18. Nd3 Ba6 19. Nf4 Qb4 20. Qc1 g6 21. h4 Qd4 22. h5 Nxe5 23. hxg6 hxg6 24. Qc2 Nd3 0-1